|
|
|
|
| LEADER |
00862nam a22002297a 4500 |
| 008 |
150330b xxu||||| |||| 00| 0 eng d |
| 999 |
|
|
|c 10593
|d 10593
|
| 020 |
|
|
|a 9788182654808
|
| 082 |
|
|
|a 923.63325
|b LAD/SRE
|
| 100 |
|
|
|a ശ്രീരാജ്, ബി.
|
| 240 |
|
|
|a Osama Bin Laden
|
| 245 |
|
|
|a ഉസാമ ബിന് ലാദന് /
|c ബി. ശ്രീരാജ്
|
| 250 |
|
|
|a 1st ed.
|
| 260 |
|
|
|a കോഴിക്കോട് :
|b മാതൃഭൂമി ബുക്സ്,
|c 2012.
|
| 300 |
|
|
|a 174p.
|
| 600 |
|
|
|a Osama Bin Laden
|
| 650 |
|
|
|a Study
|
| 650 |
|
|
|a Biographical study
|
| 650 |
|
|
|a Biography
|
| 700 |
|
|
|a Sreeraj, B.
|
| 942 |
|
|
|2 ddc
|c BK
|
| 952 |
|
|
|0 0
|1 0
|2 ddc
|4 0
|6 923_633250000000000_LAD_SRE
|7 0
|9 15020
|a MAIN
|b MAIN
|d 2015-03-30
|e Mathrubhumi Books
|g 120.00
|l 2
|o 923.63325 LAD/SRE
|p 15011
|r 2017-08-11
|s 2017-08-07
|t 1
|w 2015-03-30
|y BK
|